| 000 | 00482nam a2200181 a 4500 | ||
|---|---|---|---|
| 005 | 20140412111235.0 | ||
| 008 | 010530s19uu xx 00 eng d | ||
| 020 | _a0-590-27559-3 | ||
| 050 |
_aER _bNo66 1994 |
||
| 100 | _aBlonder, Ellen | ||
| 245 |
_aNoisy breakfast / _cby Ellen Blonder. |
||
| 260 |
_aNew York : _bScholastic Inc, _c1994. |
||
| 300 | _a16p. ; ill. | ||
| 440 | _aBeginning Literacy | ||
| 650 | _aMice-Stories | ||
| 650 | _aBreakfast-Stories | ||
| 999 |
_c102375 _d102375 |
||